000 00348nam a2200169#a 4500
001 01516
003 HDC
007 ta
008 230623s2023 xx 000 0 eng d
040 _aHDC
050 _a jrn PEM DS596
_b.P46
245 0 _aPenang economic monthly.
942 _2lcc
942 _cBK
942 _k jrn PEM DS596
942 _m.P46
999 _c23082
_d23082